[Event "Klubbmesterskapet 2017 (A)"]
[Site "Ås, Akershus NOR"]
[Date "2017.04.06"]
[Round "9"]
[White "Lea, Per"]
[Black "Andersen, Odd"]
[Result "0-1"]
[WhiteElo "1533"]
[BlackElo "1611"]
[Annotator "Lea, Per"]
[PlyCount "112"]
[EventDate "2017.01.12"]

1. e4 e5 2. Nf3 Nc6 3. Bc4 {En invitasjon til skarpere spill enn det som
vanligvis oppstår i spansk} Be7 {... men svart} ({- men svart unngår varianter
som} 3... Nf6 4. Ng5 d5 5. exd5 Na5 (5... Nxd5 6. Nxf7 Kxf7 7. Qf3+ Ke6) 6.
Bb5+ c6 7. dxc6 bxc6 8. Be2 h6 9. Nf3 e4 10. Ne5 Qd4 11. f4 Bc5 12. Rf1) (3...
Bc5 4. c3 Nf6 5. d4 exd4 6. cxd4 Bb4+ 7. Nc3 Nxe4 8. O-O Nxc3 9. bxc3 Bxc3 10.
Qb3 Bxa1 11. Bxf7+ Kf8 12. Bg5 Ne7 (12... Nxd4 13. Qa3+ d6 14. Bxd8 Kxf7 {Lea
- D. Lange, Konrad hurtgsjakk 2006.}) 13. Ne5 Bxd4 14. Bg6 d5 15. Qf3+ Bf5 16.
Bxf5 Bxe5 17. Be6+ Bf6 18. Bxf6 gxf6 19. Qxf6+ Ke8 20. Qf7# {(Greco - NN, ca
1620)}) 4. O-O Nf6 5. Nc3 ({Det desidert mest spilte her er} 5. d3) 5... O-O 6.
d4 exd4 7. Nxd4 Ne5 8. Bb3 d6 9. f4 Ng6 ({Stockfish foreslår} 9... Ned7 {men
noen av oss kan ikke skjønne hvorfor løperen midlertidig skal sperres inne})
10. h3 ({Bare} 10. Qd3 {og}) (10. Kh1 {er med i ChessBase, mens Stockfish har})
(10. a4 {som førstevalg. Her kommer det først i neste trekk.}) 10... a6 11. a4
c5 12. Nf3 Qc7 13. Qd3 Be6 14. Bxe6 fxe6 15. Ng5 Qd7 16. Nxe6 ({Sterkere er nok
} 16. f5 Ne5 17. Qd1 exf5 18. exf5 d5 19. Ne6 Rf7 20. Bg5 d4 21. Bxf6 Bxf6 22.
Ne4 {med et litt truende springerpar}) 16... Qxe6 17. f5 Qf7 18. fxg6 Qxg6 19.
Bf4 Rad8 20. Nd5 Qe8 (20... Nxd5 21. Qxd5+ Kh8 22. Qxb7 Bf6 {er fordelaktig
for hvit, selv om dronninga i øyeblikket står litt deplassert. Men bonden på
a6 henger, så hvit svart skulle erobre bonden på b2, så vil hvit fort få en
farlig fribonde}) 21. Qb3 (21. Rad1 {ville forsterket hvits fordel}) 21... Kh8
22. Nc7 ({Hvit øyner en kvalitetsvinst etter å ha fått plassert springeren på
e6, men Rema-prinsippet fungerer bedre: "Det enkleste er det beste":} 22. Qxb7
Nxd5 23. Qxd5 {med en sunn merbonde for hvit. Og svarts bønder på
dronningfløyen står litt uharmonisk}) 22... Qc6 23. Ne6 Nxe4 24. Nxd8 ({Her
burde hvit heller hindret hvits kommende framstøt med c-bonden ved selv å
spille} 24. c4 {med klar fordel}) 24... Bxd8 25. Rad1 $2 ({Både her og i de
følgende trekk vurderte hvit et offer på d6, men klarte ikke å finne de rette
variantene.} 25. Bxd6 Qxd6 26. Qd3 Re8 27. Rae1 Qxd3 28. cxd3 Bf6 29. Rxe4 Rxe4
30. dxe4 Bd4+ 31. Kh2 h5 {og hvit bør vinne greit}) 25... c4 26. Qb4 Bb6+ 27.
Kh2 Bc5 28. Qe1 ({Hvit har problemer med klokka og finner ikke} 28. Be3 $1 Nf6
29. Bxc5 Qxc5 30. Qxc5 dxc5 31. Rf4 c3 32. bxc3 Rc8 33. Re1 {med klar fordel})
28... b5 29. axb5 axb5 30. c3 ({Også her fungerer} 30. Be3 {fint:} Rxf1 (30...
d5 31. Bxc5 Qc7+ 32. g3 Rxf1 33. Qxf1 Qxc5 (33... Qxg3+ $2 34. Kh1 Qb8 35. Qf3
Nxc5 36. Qxd5 {og svart må gi springeren for å unngå matt})) (30... Re8 31.
Bxc5 dxc5 32. Qa5 Rg8 33. Rd8 h6 34. Rxg8+ Kxg8 35. Qd8+ Kh7 36. Qe7) 31. Qxf1
Kg8 32. Bxc5 Qxc5 33. Qf4) 30... d5 31. Qe2 ({Igjen var} 31. Be3 {bedre}) 31...
Kg8 ({Etter både} 31... h6) ({og} 31... Rf5 {ville svart ha oppnådd full
utlikning}) 32. Be5 {Forhindrer sjakker i b8-h2-diagonalen} Re8 ({Etter} 32...
Bf2 {ville fordelen ha vippet over til svarts side} 33. Qg4 g6 34. h4 h5 35.
Qh3 {og svarts springer på e4 er brettets mest dominerende brikke. Og verre 
(for hvit) eller bedre (for svart) skal det bli!}) 33. Qf3 Qe6 34. Bf4 Rf8 {
Med lik stilling i følge Stockfish} 35. Qg4 Qc6 (35... Qe7 {beholder
likevekten. Etter teksttrekket får hvit tilbake et lite initiativ}) 36. Be5 g6
37. Rxf8+ Bxf8 38. Qf4 Qe6 39. Rf1 Bh6 40. Qxh6 Qxe5+ 41. Qf4 Qe7 42. Ra1 ({Å
tvinge springeren vekk fra sin sterke posisjon med mellomtrekket} 42. Rd1 {er
bedre} Nf6 (42... Qe6 43. Qb8+ Kg7 44. Qb7+ Kf6 45. Qxd5 {og svart har ikke
noe bedre enn dronningbytte}) 43. Ra1 Kg7 44. Ra6 {med klar fordel for hvit})
42... Kg7 43. Ra8 Nd6 44. Ra6 (44. Qd4+ Kh6 45. Ra7 Qe4 46. Qf2 Qe5+ 47. Kg1
Nf5 48. g4 Qg3+ 49. Qxg3 Nxg3 50. Kf2 Ne4+ 51. Ke3 {og hvit klarer å erobre de
svake svarte bøndene på dronningfløyen}) 44... Nf5 45. Ra8 Nd6 46. Qd4+ Kh6 47.
Qxd5 (47. Ra7 Qe4 {Det minste av flere onder} 48. Qxe4 Nxe4 {og hvit bør igjen
kunne spise de svarte bøndene på dronningfløyen}) 47... Qf6 48. Qd2+ (48. Ra6
Qf4+ 49. g3 Qf2+ 50. Qg2 Qxg2+ (50... Qc5 $4 51. Rc6 Qe5 52. Qd2+ Kg7 53. Rxd6)
) 48... g5 $2 49. h4 ({Her er} 49. Ra6 {umiddelbart avgjørende}) 49... Qe5+ 50.
Kh1 $2 ({Det klart dårligste alternativet på brettet, når vi ser bort fra} 50.
Qf4) 50... Ne4 51. Ra6+ Kh5 52. Qe2+ $4 g4 {Svart har nok en gang utliknet} 53.
Qc2 $4 {Og der går det fullstendig over styr. Etter å ha spilt på bare
bonustid i flere trekk, mister hvit fullstendig oversikten.} (53. Kg1 {berger
halvpoenget}) 53... Ng3+ 54. Kh2 Nf5+ 55. Kh1 Qe1+ 56. Kh2 g3+ {Svarts
angrepsbrikker (dronning, bonde og konge(!)) fungerer maksimalt sammen. Det er
matt i neste. Og dermed endte feltets 5 eldste spillere alle under 50% -
hvilket neppe er noe tap for sjakken som sådan (hva de impliserte sier om
saken lar vi ligge i denne sammenhengen...)} 0-1

[Event "Klubbmesterskapet 2017 (A)"]
[Site "Ås, Akershus NOR"]
[Date "2017.04.06"]
[Round "9"]
[White "Kielland-Lund, Jon"]
[Black "Moberg, Jan Rune"]
[Result "1-0"]
[WhiteElo "1499"]
[BlackElo "1529"]
[Annotator "Lea, Per"]
[PlyCount "79"]
[EventDate "2017.01.12"]

1. d4 Nf6 2. c4 g6 3. Nc3 Bg7 4. e4 d6 5. Nf3 O-O 6. Be2 a5 {Ikke det
vanligste i denne stillingen, men svart er kanskje inspirert av en viss
verdensmester? Han spiller stadig en av randbøndene langt fram -
tilsynelatende uten mål og mening akkurat der og da - og så vinner han
sluttspillet på akkurat den framskutte fribonden i trekk 90...} (6... e5 7. Be3
(7. dxe5 {vinner ikke noen bonde:} dxe5 8. Nxe5 Qxd1+ 9. Bxd1 Nxe4 10. Nxe4
Bxe5)) ({I gamle dager, nærmere bestemt i følge min utgave av Max Euwe:
Spelöppningsteori, Band 5: Halvslutna spel II. Kungsindiskt, Grünfeldindiskt,
Damindiskt, Gammalindiskt, m. fl. (innkjøpt på Johan Grundt Tanums bokhandel
for den nette sum av 11.40 kr den 5. mai 1965), spilte man helst} 6... Nbd7 7.
O-O e5 8. d5 Nc5 9. Qc2 a5) 7. O-O Na6 8. Bg5 h6 9. Be3 Ng4 10. Bc1 ({Ingen
grunn til å gå helt tilbake:} 10. Bd2 {burde være helt greit}) 10... c5 ({
Stockfish foreslår} 10... e5 {men på mange måter virker det mer naturlig å
holde løperdiagonalen åpen}) 11. h3 Nf6 12. Be3 Bd7 13. Qd2 {Her er det bedre
å vente med å true h-bonden til det har skjedd en avklaring i sentrum.} Kh7 ({
Svart kunne gjort hvits fordel litt mindre ved å spille} 13... cxd4 14. Nxd4
Nc5 15. f3 Kh7) 14. d5 Qe8 15. a3 Nc7 16. Rab1 ({Etter} 16. e5 dxe5 17. Nxe5 {
begynner hvits fordel å bli et alvorlig problem for svart. Etter teksttrekket
-som virker vel så sterkt som forslaget fra Stockfish for oss middelmådige(?)
klubbspillere - står hvit fremdeles bedre.}) 16... a4 17. b4 axb3 18. Rxb3 b5
19. cxb5 e6 ({Nå har plutselig hvit to sammenhengende fribønder, og svart har
kanskje ikke noe bedre enn å ofre en springer for to bønder:} 19... Nxe4 20.
Nxe4 Nxb5 21. Qc1) 20. b6 Rb8 21. Rfb1 Na8 22. Bf4 exd5 23. exd5 Qe7 24. a4 Bf5
25. Bd3 c4 26. Re1 Qd8 27. Bxc4 Nxb6 28. Bb5 Qc7 29. Bc6 {Hvit har gitt slipp
på litt av fordelen, men etter svarts neste trekk kommer hvit tilbake for
fullt.} Nbd7 30. Nb5 Rxb5 31. axb5 {Stockfish anbefaler å slå igjen med tårnet}
Ne4 32. Qb4 Nec5 33. Ra3 g5 34. Bg3 Rd8 35. Ree3 Bf8 36. Qe1 Nf6 37. Nd2 Qb6
38. Nc4 Qc7 39. f3 Nh5 40. b6 {Svart er i ferd med å bli kvalt fullstendig} 1-0

[Event "Klubbmesterskapet 2017 (A)"]
[Site "Ås, Akershus NOR"]
[Date "2017.04.06"]
[Round "9"]
[White "Furnes, Torstein"]
[Black "Bø, Martin"]
[Result "1/2-1/2"]
[WhiteElo "1565"]
[BlackElo "1285"]
[PlyCount "42"]
[EventDate "2017.01.12"]

{Kommentarer: Torstein Furnes [TF], Per Lea [PL]} 1. d4 Nf6 2. c4 e6 3. Nc3 Bb4
4. Qc2 c5 5. dxc5 Na6 6. Nf3 Nxc5 7. a3 Bxc3+ 8. Qxc3 O-O 9. b4 {Stockfish
begynner å like svarts stilling nå. Partiene på ChessBase kan bare oppvise 27%
score til hvit her. [PL]} Nce4 10. Qd4 a5 (10... d6 {er mest spilt i denne
stillingen, men pesronlig synes jeg det virker naturlig å støte mot de hvite
bøndene på dronningfløyen. [PL]}) 11. Bb2 ({Stockfish foreslår} 11. g4 {for å
true med offisersvinst, men etter} d5 12. g5 Nh5 {er det fremdeles svart som
har en litt bedre stilling [PL]}) 11... axb4 12. axb4 Rxa1+ 13. Bxa1 b6 (13...
d6 {er det eneste trekket som gir svart fortsatt fordel [PL]}) 14. g4 (14. e3 {
bedre. Svarts fordel er minimal. [PL]}) 14... d5 ({Etter} 14... Bb7 {holder
ikke} 15. g5 {på grunn av} Nxg5 16. Nxg5 Bxh1 {Og dermed er det slutt på hjelp
fra ChessBase ...[PL]}) 15. g5 Nh5 16. h4 ({Igjen er} 16. e3 {bedre. [PL]})
16... Bb7 17. Bh3 dxc4 18. Qxc4 Nf4 19. Be5 Nxh3 ({Svart vinner etter
computertrekket} 19... Qa8 $3 $19 {som truer Tc8 fulgt av Tc1. F.eks.} 20. Bxf4
(20. Bb2 Rc8 21. Qd4 e5 $1 22. Qd1 (22. Qxe5 $4 Qa1+ 23. Bxa1 Rc1#) (22. Nxe5
$2 Qa2 $19) 22... Rd8 $19) 20... Rc8 21. Qd3 Qa1+ 22. Qd1 Qxd1+ 23. Kxd1 Nxf2+
24. Ke1 Nxh1 25. Bg2 Rc4 26. Bd6 Bd5 $19 {med svart fordel på -4 ifølge Deep
Fritz 14. [TF]}) 20. Rxh3 Qd5 ({Svart kunne prøvd å utnytte den hvite kongens
usikre stilling ved å tårnet med i angrepet. f.eks.} 20... Qd7) ({eller} 20...
Qe7 {[PL]}) 21. Qxd5 Bxd5 {Hvit tar imot svarts remistilbud. Deep Fritz 14
vurderer stillingen som helt lik (0.00). [TF]} 1/2-1/2

[Event "Klubbmesterskapet 2017 (A)"]
[Site "Ås, Akershus NOR"]
[Date "2017.04.06"]
[Round "9"]
[White "Ruud, Kjetil"]
[Black "Lund, Petter"]
[Result "1-0"]
[WhiteElo "1527"]
[BlackElo "1583"]
[Annotator "Lea, Per"]
[PlyCount "59"]
[EventDate "2017.01.12"]

1. e4 Nc6 {Svart prøver å møte hvit med hans eget spesialvåpen!} 2. Nf3 d6 ({
Her kunne svart ha valgt å gå inn i mer konvensjonelle varianter, men har man
først tenkt å spille dristig, må man jo fortsette med det} 2... e5) 3. d4 e6 {
Nå begynner spillerne å utforske uopptråkkete stier} 4. Nc3 Bd7 {Et tvilsomt
avvik fra tidligere spilte ChessBasepartier} (4... Nf6 {er "vanlig" - i den
forstand at noe er vanlig i denne varianten}) 5. Bd3 Nb4 6. Be2 d5 7. a3 dxe4
8. axb4 (8. Nxe4 Nc6 9. O-O {gir klar fordel for hvit - etter teksttrekket er
fordelen nesten borte}) 8... exf3 9. Bxf3 c6 10. b5 Bb4 11. bxc6 Bxc3+ 12. bxc3
bxc6 ({Etter} 12... Bxc6 13. Bxc6+ bxc6 {slipper svart å bli stående med en
innestengt løper}) 13. O-O {Hvits fordel er tilbake} Ne7 14. Ba3 O-O 15. Qd3
Re8 16. Qa6 Nd5 17. c4 Qb6 18. Bc5 Nb4 $4 ({Bukker offiser og partiet. Etter} 
18... Qxa6 19. Rxa6 Nf4 {kan svart kjempe videre, men det blir en hard kamp})
19. Qa4 Qb7 20. Qxb4 Qxb4 21. Bxb4 {resten er teknikk som en rykende fersk
klubbmester ikke har noe problem med å mestre...} Reb8 22. Bc5 Rb2 23. Be4 f5
24. Bd3 a5 25. Ra4 h5 26. h4 Kf7 27. Rfa1 Kf6 28. Rxa5 Rab8 29. Kh2 g5 30. Bd6
{Og svart hadde fått nok juling} 1-0

[Event "Klubbmesterskapet 2017 (B)"]
[Site "Ås, Akershus NOR"]
[Date "2017.04.06"]
[Round "9"]
[White "Samset, Jon"]
[Black "Naasen, Nils"]
[Result "1-0"]
[WhiteElo "1069"]
[BlackElo "1320"]
[Annotator "Lea, Per"]
[PlyCount "81"]
[EventDate "2017.01.12"]

1. c4 f5 2. d4 Nf6 3. g3 e6 4. c5 {En nyhet av tvilsom verdi: bonden står helt
flott på c4.} (4. Bg2 {ville vært en naturlig fortsettelse}) 4... Nc6 5. a3 Be7
6. Bg2 d5 7. Nf3 O-O 8. O-O Bd7 9. Nc3 a6 10. Bf4 Ne4 11. Nxe4 fxe4 12. Ne5 Bf6
13. h4 Be8 (13... Bxh4 14. Be3 (14. gxh4 Rxf4 15. Nxd7 Qxd7 16. e3 Rxh4) 14...
Nxe5 15. dxe5 Bg5 {med en sunn merbonde for svart}) 14. e3 Nxe5 15. dxe5 Be7
16. b4 h6 {Svekker kongestillingen; h-bonden blir et angrepsmål} 17. Qg4 {
Vinner en bonde} Bf7 18. Bxh6 {... men nå blir det mer enn bare en bonde} g6
19. Bxf8 Qxf8 20. h5 Qh6 21. hxg6 Qxg6 22. Qxg6+ Bxg6 23. Bh3 Bf5 24. Bxf5 exf5
25. Kg2 Kf7 26. Rh1 Ke6 27. Rh7 Re8 28. Rah1 Kxe5 29. Rh8 Rxh8 30. Rxh8 a5 31.
Rb8 axb4 32. axb4 b6 33. cxb6 cxb6 34. Rxb6 Bd8 35. Rb7 Kd6 36. b5 Kc5 37. Rf7
Kxb5 38. Rxf5 Kc4 39. g4 d4 40. exd4 Kxd4 41. g5 1-0

[Event "Klubbmesterskapet 2017 (B)"]
[Site "Ås, Akershus NOR"]
[Date "2017.04.06"]
[Round "9"]
[White "Simonsen, Steinar"]
[Black "Aalmo, Alexander"]
[Result "0-1"]
[WhiteElo "1218"]
[BlackElo "1183"]
[Annotator "Lea, Per"]
[PlyCount "70"]
[EventDate "2017.01.12"]

1. e4 c5 2. Nf3 d6 3. Bb5+ Nc6 4. Bxc6+ ({Vanligere er} 4. O-O) 4... bxc6 5.
O-O g6 6. d3 Bg7 7. c3 Qb6 8. Re1 Nf6 9. e5 dxe5 10. Nxe5 Nd7 11. Nc4 Qc7 {
Noen (inkludert Stockfish) liker hvits stiling best her. Dobbeltbøndene i
c-linja er ikke noe vakkert syn.} 12. Qe2 e6 13. Qf3 O-O 14. Bf4 e5 15. Bd2 {
Etter noen unøyaktige manøvreringer fra hvits side har fordelen gått over til
svart} Ba6 16. b3 Rad8 17. Qg3 Bxc4 18. bxc4 Qb6 ({Stockfish vil heller ha
madamen plassert her:} 18... Qd6 19. a4 f5 20. Bg5 Rb8 {med behagelig stilling
for svart}) 19. Be3 Qb2 20. Nd2 Qxc3 21. Rac1 Qxd3 22. Nb3 f5 23. Red1 Qe2 24.
Bg5 f4 $2 {Kaster bort hele fordelen} 25. Qh3 $1 Nf6 26. Qe6+ Kh8 27. Rxd8 Rxd8
28. h3 Ne4 $4 {Plutselig er det hvit som står til vinst!} (28... Rf8 {beholder
likevekten}) 29. Rf1 $4 {Fra vinst til tap i ett trekk} ({Det er ingenting
galt med} 29. Bxd8 Qxf2+ 30. Kh1 h6 31. Qxg6 f3 32. Kh2 {- hvit bør vinne greit
}) 29... Nxg5 30. Qe7 Nxh3+ 31. Kh2 (31. gxh3 {holder ikke helt, men er klart
bedre enn teksttrekket} Rb8 32. Nxc5 f3) 31... Rf8 32. gxh3 Qxf1 33. Qh4 f3 34.
Qg3 e4 35. Nd2 Qg2+ 0-1

[Event "Klubbmesterskapet 2017 (B)"]
[Site "Ås, Akershus NOR"]
[Date "2017.04.06"]
[Round "9"]
[White "Midtgard, Anders"]
[Black "Thowsen, Alf Geir"]
[Result "1/2-1/2"]
[WhiteElo "1125"]
[BlackElo "1188"]
[Annotator "Lea, Per"]
[PlyCount "113"]
[EventDate "2017.01.12"]

1. d4 Nf6 2. c4 c5 3. Nf3 cxd4 4. Nxd4 e5 5. Nb5 Nc6 6. Nd6+ {Fristende, men
både erfaring (ChessBase) og Stockfish gir høyere terningkast til} (6. N1c3 d6
7. Nd5 Nxd5 8. cxd5 a6 9. Nc3) 6... Bxd6 7. Qxd6 Ne4 8. Qd3 Nf6 ({Svart kunne
gått for en tidlig kveld med} 8... Nc5 9. Qd6 Ne4 10. Qd3) ({eller satse
friskt med} 8... f5) 9. a3 O-O 10. Nc3 h6 11. g3 d6 12. Bg2 Be6 13. Nd5 Rb8 14.
O-O Nd4 15. Ne3 ({Ingen grunn til å trekke tilbake den godt plasserte
springeren} 15. e3 Nxd5 16. exd4 Nf6 17. d5 Bg4 {og svart kan få problemer med
d-bonden i et mulig sluttspill}) 15... Ng4 16. Nxg4 Bxg4 17. f3 Bf5 18. e4 Be6
19. Be3 Nc6 {Her begynner det å lukte fordel for hvit} (19... Rc8 20. Rac1 Qb6
{gjør oppgaven litt vanskeligere for hvit}) 20. b4 Rc8 21. Rfd1 Rc7 22. Rac1 ({
Ikke} 22. Qxd6 $4 Rd7 {med vinststilling for svart}) 22... Rd7 23. Rd2 f5 24.
Bh3 Qf6 25. Rcd1 Kh8 26. Qe2 (26. Bxf5 Bxf5 27. exf5 Qxf5 28. Qxf5 Rxf5 29. f4
exf4 30. Bxf4 {og bonden på d6 faller}) 26... fxe4 27. Rxd6 Qxf3 (27... exf3 $1
28. Qe1 Rxd6 29. Rxd6 Re8 30. b5 Nd8 {med fordel for svart}) 28. Qxf3 Rxf3 29.
Bxe6 Rxd6 30. Rxd6 Rxe3 31. b5 (31. Bd5 Nd4 32. Rd7 Re1+ 33. Kf2 Re2+ 34. Kf1
e3 35. Rd8+ Kh7 36. Bg8+ Kh8 (36... Kg6 $4 37. Rd6+ Kg5 38. h4+ Kg4 39. Rxd4+
$1 exd4 40. Kxe2 {med vinststilling for hvit}) 37. Bf7+ Kh7 38. Bg8+ {Remis})
31... Nd4 32. Bf7 $2 (32. Bd5 b6 {bør være remis. Etter teksttrekket er det
svart som står til vinst}) 32... Rd3 33. Kg2 Nf5 $2 {der forsvant svarts
fordel som dugg for sola} ({Svart vinner etter} 33... Rd2+ 34. Kh3 e3 35. Bh5
e2 36. Bxe2 Rxe2 37. Rd7 Ne6 38. Kg4) 34. Re6 g5 35. c5 Kg7 36. Be8 Rxa3 ({Her
hadde det vært bedre å tenke kongeangrep enn å gå på bondejakt:} 36... Rd2+ 37.
Kh3 Ne3 38. Bh5 g4+ 39. Bxg4 Nf1 40. Kh4 Rxh2+ 41. Bh3 Nd2 42. Kg4 Nf3 43. c6
bxc6 44. bxc6 h5+ 45. Kf5 (45. Kxh5 Rxh3+ 46. Kg4 Rh1 47. c7 Rc1) 45... Nd4+
46. Kxe4 Nxe6 47. Bxe6 Rc2 48. Bd7 Kf6 49. Kd5 Rd2+ 50. Kc5 Ke7 51. Bf5 Kd8 {
og svart vinner}) 37. c6 bxc6 38. bxc6 Rc3 39. Rxe5 $4 ({Hvit har behov for å
få med seg brikker i forsvaret:} 39. Bh5) 39... Rc2+ $2 {Griper ikke
gratissjansen} (39... Ne3+ 40. Kg1 (40. Kf2 Ng4+) (40. Kh3 g4+ 41. Kh4 Rc2 {og
hvit må gi tårnet for å unngå matten}) 40... Rc1+ 41. Kf2 Ng4+) 40. Kh3 Ne3 41.
c7 $4 Rxc7 $4 ({Det var matt i 2:} 41... g4+ 42. Kh4 Rxh2#) 42. Rxe4 Nf5 43.
Re5 Kf6 44. Re1 (44. Ra5 {holder hvit innenfor remisgrensa}) 44... Re7 45. Rf1
Rxe8 46. g4 Re5 47. Rf3 $2 ({Hvits eneste håp lå i å slå bonden med en gang:} 
47. gxf5 {men selv da vinner svart lett etter} a5 48. Kg4 h5+ 49. Kg3 (49. Kxh5
Re4 {med ugarderlig tårnmatt på h4}) 49... Rxf5 50. Rd1 Ke6 51. Rd8 Ke5 52. Kg2
Ke4 53. Kg1 Rb5 54. Ra8 Kd4 {og hvit må ofre tårnet på a-bonden før svarts
konge og tårn loser den i mål}) 47... Kg6 (47... Re3 {Etter tårnbyttet er hvit
håpløst fortapt}) 48. gxf5+ Rxf5 49. Ra3 a5 50. Ra4 h5 51. Rc4 Rf4 52. Rc6+ Rf6
53. Rc4 g4+ 54. Kg3 Ra6 55. Ra4 Kg5 56. h4+ gxh3 $2 ({Hvit er sanseløs etter} 
56... Kf5 57. Rf4+ Ke5 58. Ra4 {siden hvits konge må passe på g-bonden, mens
svarts konge og tårn kan tvinge a-bonden framover}) 57. Kxh3 {I følge
Nalimovbasen vinner svart i høyst 44 trekk hvis hvit forsvarer seg å beste
måte... (Sjekk selv!)} 1/2-1/2

[Event "Klubbmesterskapet 2017 (B)"]
[Site "Ås, Akershus NOR"]
[Date "2017.04.06"]
[Round "9"]
[White "Stensland, Martin"]
[Black "Garmark, Vegard"]
[Result "1/2-1/2"]
[WhiteElo "1082"]
[BlackElo "1217"]
[Annotator "Lea, Per"]
[PlyCount "72"]
[EventDate "2017.01.12"]

1. d4 Nf6 2. c4 e6 3. a3 b6 4. Nf3 Bb7 5. Bg5 (5. Nc3 {er det vanligste her})
5... Be7 6. Nc3 Ne4 7. Bxe7 Qxe7 8. Nxe4 Bxe4 9. Nd2 Bb7 10. e3 O-O 11. Nf3 (
11. Qc2 {er det foretrukne på ChessBase, kanskje for å få rokert. Nå må
rokaden forberedes ved å spille bonden til f3.}) 11... d5 12. cxd5 Bxd5 13. Be2
Nd7 14. O-O c5 15. dxc5 Nxc5 16. Nd4 Rfd8 17. Bf3 Rac8 18. Bxd5 Rxd5 19. Rc1 e5
$4 20. Qg4 (20. Nf5 $1 {vinner i alle varianter:} Rxd1 (20... Qe6 21. Qxd5 Qxd5
22. Ne7+ Kf8 23. Nxd5) (20... Qf6 21. Qxd5 Qxf5 (21... Rd8 22. Qf3) 22. b4 Qe6
23. Qxe6 fxe6 24. bxc5) 21. Nxe7+ Kf8 22. Nxc8) 20... Qd7 $2 21. Nf5 $1 g6 22.
Nh6+ $2 (22. Ne7+ $1 Qxe7 23. Qxc8+) 22... Kg7 23. Qh4 e4 24. Ng4 Rh5 (24... h5
25. Qf6+ Kh7 26. b4 (26. Ne5 $2 Rxe5 27. Qxe5 Nd3 {og svart vinner}) 26... hxg4
27. bxc5 Rcxc5 {og svart står best}) 25. Qf6+ Kg8 26. h3 Re8 27. Qf4 Rf5 28.
Nh6+ Kf8 29. Nxf5 gxf5 30. Rcd1 Nd3 31. Qh6+ Kg8 32. Qg5+ Kh8 33. Qf6+ (33. f3
Qe6 34. fxe4 fxe4 35. Rf6 {og hvit har klar vinststilling}) 33... Kg8 34. Qg5+
Kf8 35. Qh6+ Kg8 36. Qg5+ Kf8 1/2-1/2

[Event "Klubbmesterskapet 2017 (B)"]
[Site "Ås, Akershus NOR"]
[Date "2017.04.20"]
[Round "9"]
[White "Sandvik, Sander"]
[Black "Petersen, Rune J"]
[Result "1-0"]
[WhiteElo "1145"]
[BlackElo "875"]
[PlyCount "83"]
[EventDate "2017.01.12"]

1. e4 d6 2. d4 e6 3. f4 Nf6 4. Nc3 d5 5. e5 Ne4 6. Nf3 Bb4 7. Qd3 Bxc3+ 8. bxc3
f5 9. Nd2 Nxd2 10. Bxd2 b6 11. Qg3 O-O 12. c4 Ba6 13. cxd5 Qxd5 14. Bxa6 Nxa6
15. Qd3 Qxg2 16. O-O-O Qb7 17. Rhg1 c5 18. d5 Rad8 19. d6 Nb4 20. Bxb4 cxb4 21.
Qc4 Rfe8 22. Qxb4 Rd7 23. Qc4 b5 24. Qd3 b4 25. Qc4 a5 26. Rd4 Kf7 27. Qd3 g6
28. h4 a4 29. Qg3 b3 30. Rxa4 b2+ 31. Kb1 Rc8 32. Qg5 Rxc2 33. Qf6+ Kg8 34.
Qxe6+ Rf7 35. Kxc2 b1=Q+ 36. Rxb1 Qg2+ 37. Kb3 Qg4 38. Kb4 Qxf4+ 39. Ka3 Qe3+
40. Kb2 Qb6+ 41. Ka1 Qd8 42. Rb7 1-0